QCM Système Solaire - Statistiques

Statistiques générales
  • Ce quiz a été pris 241 fois
  • Le résultat moyen est 6 sur 12
Statistiques - réponses
Question Réponse % Correct
Combien y a-t-il de planètes dans le système solaire ? 8
79%
Qu'est-ce qui "sépare" le système solaire en deux ? Une ceinture d'astéroïdes
75%
Quels sont les deux types de planète du système solaire ? tellurique et gazeuse
68%
Quels sont les 4 satellites principaux de Jupiter ? Io, Callisto, Europe, Ganymède
57%
Quelle est la planète la plus chaude ? Vénus
43%
Quel âge a le soleil ? (environ) 4,5 milliards d'années
39%
Quelle Lune du Système Solaire est recouverte d'un océan glacé ? Europe
39%
Quelle planète possède le plus grand nombre de satellites naturels ? Saturne
39%
Combien y a-t-il de planètes naines dans le système solaire ? 5
36%
Quelles planètes ont des anneaux ? Jupiter, Saturne, Uranus, Neptune
32%
Quelle est la température au centre du soleil ? (en C°) 15 millions
25%
Quel est le diamètre du système solaire ? 20 milliards de km
25%
Aucun quiz correspondant
Distribution des résultats
% des personnes avec chaque résultat
Percentile par nombre de réponses
Votre historique - résultats
Vous n’avez pas pris ce quiz